| 000 | 00975nam a22002537a 4500 | ||
|---|---|---|---|
| 005 | 20240530110453.0 | ||
| 008 | 150520s2011 ua ad g b 000 0 ara d | ||
| 017 |
_a2010/17333 _bمصر . دار الكتب المصرية |
||
| 020 | _a9789773832207 | ||
| 040 | _aEG-CaGPL | ||
| 082 | 0 | 4 |
_221 _a152.1824\ _bأ س |
| 100 | 0 | _aاحمد حسانين احمد | |
| 245 | 1 | 0 |
_aسيكولوجية الالم / _cتاليف احمد حسانين احمد |
| 250 | _aط1 | ||
| 260 |
_aالقاهرة : _bإيتراك للطباعة و النشر و التوزيع ، _c2011 . |
||
| 300 |
_a251 ص : _bايض ؛ _c24 سم . |
||
| 504 | _aيشتمل على ارجاعات ببليوجرافية | ||
| 650 | 0 | 4 | _aالالم |
| 650 | 0 | 4 |
_aالالم _xالجوانب النفسية |
| 650 | 0 | 4 | _aالانفعالات النفسية |
| 650 | 0 | 4 |
_aالالم _xالجوانب النفسية _xطرق العلاج |
| 942 |
_2ddc _cBK |
||
| 999 |
_c61294 _d61294 |
||